=LDR 00000nam 2200000 4500 =001 INLIS000000000007892 =005 20130612095826 =008 ***********************************Ind** =035 ##$$0010-061300000007892 =041 ##$$a Ind =082 ##$$a 004.77 =090 ##$$a 004.77, Gun m =100 ##$$a Gunadi, Sutiono FX =245 ##$$a Mendayagunakan printer epson LQ.1050 , FX Sutiono Gunadi =260 ##$$a 1991 $b Jakarta =300 ##$$a x, 149 hlm, ilus, 20 cm =650 ##$$a Komputer-Printer epson LQ-1050